| 000 | 00698nam a2200205 a 4500 | ||
|---|---|---|---|
| 001 | 19080 | ||
| 003 | CO-ViMGA | ||
| 008 | 141112s2004 ck r 000 u spa d | ||
| 040 |
_aCO-ViMGA _bspa _cCO-ViMGA |
||
| 082 | 0 | 4 | _aI 159.9 G651m |
| 100 | 1 | _aGomboli, Mario | |
| 245 | 1 | 0 |
_aNadie es perfecto : _baprende a quitarle importancia a esos pequeños defectos fisicos... tuyos y de los demás |
| 260 |
_aBogotá : _bSan Pablo, _c2002 |
||
| 300 | _a30 p. il | ||
| 490 | 0 | _aLos consejos de lobo rojo | |
| 590 |
_aForma de adquisición : donación Libreria Temas y Libros 2005 - - Precio : _5.900 |
||
| 650 | 1 | 4 |
_aCUENTOS INFANTILES _92743 |
| 650 | 1 | 4 |
_aEMOCIONES Y SENTIMIENTOS _93136 |
| 942 |
_2ddc _cBK |
||
| 999 |
_c9740 _d9740 |
||